The egal and regulatory environment of Business (Record no. 5435)

MARC details
005 - DATE AND TIME OF LATEST TRANSACTION
control field 20250626155701.0
020 ## - INTERNATIONAL STANDARD BOOK NUMBER
International Standard Book Number 0-07-244060-0
082 ## - DEWEY DECIMAL CLASSIFICATION NUMBER
Classification number 346.7307 LEG
100 ## - MAIN ENTRY--PERSONAL NAME
Author name REED O.L.
245 ## - TITLE STATEMENT
Title The egal and regulatory environment of Business
250 ## - EDITION STATEMENT
Edition statement 12th Ed.
260 ## - PUBLICATION, DISTRIBUTION, ETC.
Place of publication, distribution, etc. Boston
Name of publisher, distributor, etc. McGraw-Hill Irwin
Date of publication, distribution, etc. 2002
300 ## - PHYSICAL DESCRIPTION
Extent xxiv; 619Pages; Grossary; Index
Other physical details Photo
Dimensions 26cm
700 ## - ADDED ENTRY--PERSONAL NAME
Other authors/Editors SHEDD, P.J. et.all
942 ## - ADDED ENTRY ELEMENTS (KOHA)
Source of classification or shelving scheme Dewey Decimal Classification
Koha item type Books
Holdings
Date last seen Total checkouts Full call number Barcode Price effective from Koha item type Lost status Source of classification or shelving scheme Damaged status Not for loan Withdrawn status Home library Current library Shelving location Date acquired Source of acquisition Cost, normal purchase price
06/26/2025   346.7307 LEG DOM0002305 06/26/2025 Books   Dewey Decimal Classification       CBE Dodoma CBE Dodoma General Collection 04/26/2010 DONATION 75000.00